000 00736nam a2200217 i 4500
001 54252
003 ES-MaACL
005 20250721143716.0
007 t|
008 960716s1894 fr ||||1| fre d
040 _aCAM
_bspa
_cCAM
100 1 _aFlammarion, Camille,
_d1842-1925
_951110
245 1 3 _aLa fin du monde /
_cCamille Flammarion ; illustrations par Jean-Paul Laurens ... [et al.] ; gravure par Méaulle.
260 _aParis :
_bErnest Flammarion,
_c1894.
300 _a[6], 385, [2] p. :
_bil. ;
_c24 cm.
650 0 7 _aFin del mundo
_2embne
_912869
700 0 _aLaurens, Jean-Paul.
_970619
700 1 _aMéaulle, Fortuné Louis,
_d1844-1901
_979640
852 _aES-MaACL
_jG-11887
999 _c54252
_d54252